00437pab a2200145 454500008004000000100001900040245011200059260000900171300001600180362001100196650001400207650001300221650002300234773003400257180718b2005 xxu||||| |||| 00| 0 eng d aSinha, Shantha aEmphasising universal principles towards deepending of democracy: actualising children's right to education c2005 ap.2569-576. a18 Jun aDemocracy aChildren aRight to education aEconomic and Political Weekly